| 000 | 01048cam a22003257a 4500 | ||
|---|---|---|---|
| 003 | CHAP | ||
| 005 | 20220329141349.0 | ||
| 008 | 971013s1985 r 00010 d | ||
| 010 | _a67074 | ||
| 011 | _a68046 | ||
| 035 | _a77518 | ||
| 040 | _cCHAP | ||
| 082 |
_a633.1 _bB75 |
||
| 100 | 0 | 0 |
_aBright, S. W. J. _915352 |
| 245 | 0 | _aCereal tissue and cell culture | |
| 260 |
_aDordrecht, The Netherland : _bMartinus Nijhoff, _c1985 |
||
| 300 |
_a304 p. _b: ilus. |
||
| 490 | 0 | _aAdvances in agricultural biotechnology | |
| 590 |
_aBATCH-UPD _b10 _c20130110 _lUCH01 _h2033 |
||
| 590 |
_aBATCH-UPD _b10 _c20130410 _lUCH01 _h1349 |
||
| 590 |
_aBATCH-UPD _b10 _c20130914 _lUCH01 _h0914 |
||
| 590 |
_aCONVERSION _b10 _c20130109 _lUCH01 _h1337 |
||
| 650 | 1 | 4 |
_aCereales _xPropagación. _921457 |
| 650 | 1 | 4 |
_aCultivo de tejidos. _930213 |
| 700 | 0 |
_aJones, M. G. K. _962048 |
|
| 830 | 0 |
_aAdvances in agricultural biotechnology _9979 |
|
| 901 | _aBK | ||
| 942 | _cLIBRO | ||
| 949 |
_a633.1 B75 _bBC _cLIBRO _d33724000189692 _eLIBRO _gI.141406 _h74544 _i77518 _si _t74.43 |
||
| 999 |
_c67074 _d67074 |
||